00377nam a2200145Ia 4500008004100000020001500041041001200056082001100068100001700079245007800096250000800174260003300182300000800215650000800223221030s9999 xx 000 0 und d a8126517909 aEnglish a105.23 aS. K. Gandhi 0aVLSI Fabrication Principles - Silicon & Gallium Arsenidecby S. K. Gandhi a2nd bWiley IndiaaNew Delhic2010 a834 aECE